Counties of New Mexico - Sudden Death - Statistics

General Stats
  • This quiz has been taken 31 times
  • The average score is 25 of 33
Answers on the Grid
Answers color-coded by a green-red scale on the quiz's grid according to % correct below.
Albaquerque
Aragon
Arizona
Bernalillo
Brighton
Burback
Bush
Carson
Catron
Chaves
Cibola
Colfax
Colorado
Curry
De Baca
Doña Ana
Eddy
Farmington
Garrison
Gila
Grant
Guadalupe
Harding
Hidalgo
Las Vegas
Lea
Lemitar
Lincoln
Los Alamos
Luna
McKinley
Mora
Nuevo Casas
Otero
Paseo Do Sol
Patron
Quay
Rio Arriba
Roosevelt
San Juan
San Miguel
Sandoval
Santa Claus
Santa Fe
Santa Rosa
Sierra
Silver
Sinaloa
Socorro
Sumner
Taos
Torrance
Tucumcari
Union
Valencia
 
Answer Stats
Answer % Correct
Santa Fe
91%
Taos
91%
Bernalillo
82%
Cibola
82%
Curry
82%
Hidalgo
82%
Lincoln
82%
McKinley
82%
Mora
82%
Otero
82%
Roosevelt
82%
San Juan
82%
San Miguel
82%
Torrance
82%
Valencia
82%
Catron
73%
Chaves
73%
Colfax
73%
De Baca
73%
Doña Ana
73%
Guadalupe
73%
Harding
73%
Lea
73%
Los Alamos
73%
Sierra
73%
Socorro
73%
Eddy
64%
Grant
64%
Luna
64%
Quay
64%
Rio Arriba
64%
Sandoval
64%
Union
64%
No matching quizzes found
Score Distribution
Percent of People with Each Score
Percentile by Number Answered
Your Score History
You have not taken this quiz